Music Quiz

Random Music or Song Quiz

Dashboard Confessional Songs Quiz Stats

 Plays Quiz not verified by Sporcle

Score 0/10 Timer 08:00
0 Plays Today
Song Initials Song Title % Correct
VVindicated
94.3%
S IScreaming Infidelities
80.1%
The S H of N TThe Sharp Hint of New Tears
63.8%
T as TThick As Thieves
53.2%
A I G UAgain I Go Unnoticed
53.2%
The B DThe Brilliant Dance
48.9%
A S R Age Six Racer
36.9%
A I MAm I Missing
29.1%
S DSlow Decay
27%
E L from DEverybody Learns From Disasters
8.5%

You're not logged in!

Compare scores with friends on all Sporcle quizzes.
OR
Log In

Show Comments

Extras

Top Quizzes Today


Score Distribution

Your Account Isn't Verified!

In order to create a playlist on Sporcle, you need to verify the email address you used during registration. Go to your Sporcle Settings to finish the process.

Report this User

Report this user for behavior that violates our Community Guidelines.

Details: